000 00420nam a2200169Ia 4500
005 20250923150034.0
008 008 250917s9999 xx 000 0 eng d
037 _aTextual
040 _aDSWL
_beng
_cDSWL
041 _aeng
_2eng
084 _qDSWL
245 0 _aPersonal law series , 4-9 , Part - II
260 _aNew Delhi
_bISI India
_c1986
300 _a264p.
942 _cTEXL
999 _c1458847
_d1458847